|
|
|
|
| LEADER |
00000nab a2200000ua 4500 |
| 001 |
vtls010771736 |
| 003 |
SK-MaSNL |
| 005 |
20260303123354.0 |
| 008 |
230214s1927 xo |||||||||||||||||slo| |
| 035 |
|
|
|a (urnnbn)urn:nbn:sk:snk:ar-a034sk
|
| 035 |
|
|
|a (uuid)71346027-6ade-40ce-b177-cef1bcc20119
|
| 035 |
|
|
|a urn:nbn:sk:snk-ab53a3
|
| 040 |
|
|
|a SNKBUCL
|b slo
|c SNKBUCL
|e AACR2
|
| 041 |
0 |
|
|a slo
|
| 044 |
|
|
|a xo
|c SK
|
| 100 |
1 |
|
|a Kňazovický, Ján,
|d 1893-1987
|4 aut
|9 158945
|
| 245 |
1 |
0 |
|a CORNU CUTANEUM
|c Ján Kňazovický
|
| 773 |
0 |
|
|t Bratislavské lekárske listy
|g Roč. 7, č. 4 (1927), s. 498-499
|
| 954 |
|
|
|a odborná, vedecká literatúra pôvodná (slovenská)
|2 lita
|
| 958 |
|
|
|a OND
|
| 958 |
|
|
|a EUIPO
|
| 958 |
|
|
|a article3
|
| 999 |
|
|
|c 1925513
|d 1927443
|